000 00467nam a22001697a 4500
005 20180316165740.0
008 160430b xxu||||| |||| 00| 0 eng d
020 _a81-2970588-5
041 _aeng
082 _b1077
_a336
100 _aCnossen Sijbren and Werner sinn-Hans (editor)
_94199
245 _aPublic Finance & Public Policy in the New Century
260 _aNew Delhi
_bPearson Education,
_c2004
300 _a523
650 _aManagement
_9241
942 _cBK
999 _c398
_d398